[Event "61st World Juniors 2024"]
[Site "Gandhinagar IND"]
[Date "2024.06.12"]
[Round "10.16"]
[White "Mayank, Chakraborty"]
[Black "Lopez Rayo, Santiago"]
[Result "1/2-1/2"]
[WhiteTitle "IM"]
[BlackTitle "FM"]
[WhiteElo "2425"]
[BlackElo "2277"]
[WhiteFideId "25659766"]
[BlackFideId "4455665"]
[EventDate "2024.06.02"]

1. e4 e5 2. Nf3 Nc6 3. Bc4 Nf6 4. d3 Bc5 5. O-O d6 6. c3 a6 7. a4 Ba7 8. Re1 O-O
9. h3 h6 10. Nbd2 Be6 11. Bxe6 fxe6 12. Nf1 Nh5 13. b4 Nf4 14. Bxf4 Rxf4 15.
N1h2 Qe7 16. b5 Nb8 17. d4 Nd7 18. bxa6 bxa6 19. a5 Rff8 20. Qd3 exd4 21. cxd4
e5 22. Rac1 exd4 23. Rxc7 Qd8 24. Rc6 Qxa5 25. Rxa6 Qc7 26. Qa3 Nc5 27. Ra5 d3
28. Ng4 Nxe4 29. Rxe4 Qxa5 30. Qxa5 Bxf2+ 31. Nxf2 Rxa5 32. Rd4 Ra1+ 33. Kh2 Ra2
34. Kg3 Rf6 35. Ng4 Re6 36. Rxd3 Kh7 37. h4 Ra5 38. Rd2 Rc5 39. Kf2 Ra5 40. Ne3
Rc5 41. Rd3 d5 42. Rd2 Ra6 43. Kg3 Rca5 44. Kh3 Ra3 45. Nf5 Ra2 46. Rd1 Ra1 47.
Rxd5 R1a5 48. Ne3 Rxd5 49. Nxd5 Rd6 50. Nf4 g5 51. hxg5 hxg5 52. Nxg5+ Kg7 53.
Nf3 Ra6 54. Kg4 Ra2 55. g3 Ra3 56. Nd5 Ra4+ 57. Kf5 Ra3 58. Kf4 Ra4+ 59. Ke5 Rg4 1/2-1/2

[Event "61st World Juniors 2024"]
[Site "Gandhinagar IND"]
[Date "2024.06.12"]
[Round "10.17"]
[White "De Silva, L M S T"]
[Black "Domalchuk-Jonasson, Aleksandr"]
[Result "0-1"]
[WhiteTitle "IM"]
[BlackTitle "IM"]
[WhiteElo "2364"]
[BlackElo "2380"]
[WhiteFideId "9953698"]
[BlackFideId "14142805"]
[EventDate "2024.06.02"]

1. e4 c6 2. d4 d5 3. exd5 cxd5 4. c4 Nf6 5. Nc3 e6 6. Nf3 Bb4 7. cxd5 Nxd5 8.
Bd2 Nc6 9. Bd3 O-O 10. O-O Nf6 11. Bg5 h6 12. Bh4 Be7 13. Bb1 b6 14. a3 Bb7 15.
Re1 g6 16. Qd3 Nh5 17. Bg3 Nxg3 18. hxg3 Bf6 19. Rxe6 Bg7 20. Re2 Nxd4 21. Nxd4
Bxd4 22. Nb5 Qd5 23. Kf1 Qxg2+ 24. Ke1 Bxf2+ 25. Rxf2 Rfe8+ 26. Re2 Bf3 27. Re3
Qg1+ 0-1

[Event "61st World Juniors 2024"]
[Site "Gandhinagar IND"]
[Date "2024.06.12"]
[Round "10.18"]
[White "Avinash, Ramesh"]
[Black "Subelj, Jan"]
[Result "1/2-1/2"]
[WhiteTitle "IM"]
[BlackTitle "GM"]
[WhiteElo "2252"]
[BlackElo "2514"]
[WhiteFideId "45018340"]
[BlackFideId "14618583"]
[EventDate "2024.06.02"]

1. e4 c6 2. d4 d5 3. exd5 cxd5 4. Bd3 Nf6 5. c3 Bg4 6. Qb3 Qc7 7. Ne2 Bxe2 8.
Bxe2 e6 9. Nd2 Nc6 10. Nf3 Bd6 11. Bd3 O-O 12. g3 Rae8 13. O-O Ne4 14. Qc2 f5
15. Kg2 h6 16. Qe2 g5 17. Ne1 Kg7 18. f3 Nf6 19. f4 g4 20. Rh1 h5 21. h4 Ne7 22.
Bc2 Ne4 23. Nd3 Ng6 24. Be3 Rb8 25. Ne5 Rfc8 26. Bd3 1/2-1/2

[Event "61st World Juniors 2024"]
[Site "Gandhinagar IND"]
[Date "2024.06.12"]
[Round "10.19"]
[White "Md Imran"]
[Black "Fromm, Marius"]
[Result "0-1"]
[WhiteTitle "FM"]
[BlackTitle "IM"]
[WhiteElo "2180"]
[BlackElo "2465"]
[WhiteFideId "25748580"]
[BlackFideId "12993190"]
[EventDate "2024.06.02"]

1. c4 e5 2. Nc3 Nf6 3. Nf3 Nc6 4. e4 Bb4 5. d3 d6 6. a3 Bxc3+ 7. bxc3 Nd7 8. g3
Nc5 9. Nh4 Qf6 10. Be3 Bd7 11. Bg2 Ne6 12. O-O Nf4 13. gxf4 Qxh4 14. Qf3 O-O 15.
Qg3 Qe7 16. fxe5 dxe5 17. f4 f6 18. f5 Na5 19. Kh1 b5 20. cxb5 Bxb5 21. c4 Bc6
22. Rf3 Rfd8 23. Rg1 Rxd3 24. Bf1 Rad8 25. Bxd3 Rxd3 26. Qh4 Nxc4 27. Bc5 Qd8
28. Be7 Qxe7 29. Rxd3 Nd6 30. Rxd6 cxd6 31. Rb1 Qe8 32. Kg1 Qa8 33. Rb4 a5 34.
Rc4 Qa6 35. Rc3 Qb6+ 36. Qf2 Qb1+ 37. Qf1 Qxe4 38. Qc4+ Qxc4 39. Rxc4 Bd7 40.
Rc7 Be8 41. Kf2 a4 0-1

[Event "61st World Juniors 2024"]
[Site "Gandhinagar IND"]
[Date "2024.06.12"]
[Round "10.20"]
[White "Wafa, Hamed"]
[Black "Mnyasta, Charlton"]
[Result "1-0"]
[WhiteTitle "IM"]
[WhiteElo "2396"]
[BlackElo "2174"]
[WhiteFideId "10628452"]
[BlackFideId "14343371"]
[EventDate "2024.06.02"]

1. e4 c5 2. Nf3 d6 3. d4 cxd4 4. Nxd4 Nf6 5. Nc3 Nc6 6. Bg5 e6 7. Qd3 Be7 8.
O-O-O O-O 9. h4 Nxd4 10. Qxd4 Qa5 11. Be2 Bd7 12. Kb1 Rfc8 13. f4 d5 14. exd5 h6
15. d6 Bd8 16. Ne4 Nxe4 17. Qxe4 hxg5 18. hxg5 Qf5 19. Qxf5 exf5 20. Rh3 f6 21.
g6 Be6 22. Re3 Bb6 23. Rxe6 Rc6 24. Bf3 1-0

[Event "61st World Juniors 2024"]
[Site "Gandhinagar IND"]
[Date "2024.06.12"]
[Round "10.22"]
[White "Pawar, Harshit"]
[Black "Panda, Sambit"]
[Result "1-0"]
[BlackTitle "IM"]
[WhiteElo "2132"]
[BlackElo "2363"]
[WhiteFideId "366130595"]
[BlackFideId "25091794"]
[EventDate "2024.06.02"]

1. e4 e5 2. Nc3 Nc6 3. Bc4 Nf6 4. d3 Bc5 5. f4 h5 6. Nf3 Ng4 7. Qe2 Nd4 8. Nxd4
exd4 9. Nd1 Qh4+ 10. g3 Qh3 11. Qf1 Qxf1+ 12. Kxf1 h4 13. Kg2 d6 14. Bd2 hxg3
15. Kxg3 Bd7 16. Nf2 Nf6 17. h4 a5 18. a4 Ke7 19. Bb3 Be6 20. Bxe6 fxe6 21. Rag1
Rh7 22. Nh3 Bb4 23. Bc1 Rf8 24. Ng5 Rhh8 25. Nf3 Bc5 26. Kf2 Nh5 27. Rg4 Rf6 28.
Rhg1 Rhf8 29. Ke2 Kd8 30. Ng5 Rh8 31. e5 Rf5 32. Nxe6+ Kd7 33. Nxc5+ dxc5 34.
Kf3 Re8 35. Rg5 Ref8 36. Rxf5 Rxf5 37. Rg6 Rf8 38. Kg4 Rh8 39. f5 Ke7 40. Rg5 g6
41. Rxg6 1-0

[Event "61st World Juniors 2024"]
[Site "Gandhinagar IND"]
[Date "2024.06.12"]
[Round "10.23"]
[White "Sanket, Chakravarty"]
[Black "Saryyev, Azym"]
[Result "1/2-1/2"]
[WhiteTitle "IM"]
[WhiteElo "2357"]
[BlackElo "1999"]
[WhiteFideId "25032038"]
[BlackFideId "14004801"]
[EventDate "2024.06.02"]

1. d4 Nf6 2. Nf3 e6 3. e3 d5 4. Bd3 Bd6 5. b3 Nbd7 6. Bb2 O-O 7. Nbd2 Re8 8. Ne5
c5 9. O-O Qc7 10. f4 a5 11. Rf3 cxd4 12. exd4 a4 13. c4 dxc4 14. bxc4 Qb6 15.
Nxd7 Bxd7 16. Qc2 a3 17. Bc3 Ba4 18. Nb3 Bb4 19. Rb1 Bxc3 20. Qxc3 Qc7 21. Nc5
Bc6 22. Rg3 Kh8 23. d5 Qe7 24. Nxe6 fxe6 25. dxc6 bxc6 26. h3 Rab8 27. Re1 Rb2
28. Re5 Rxa2 29. Reg5 Rg8 30. Ra5 Qd6 31. Qe5 Qxe5 32. fxe5 Nd7 33. Be4 c5 34.
Rgxa3 Rxa3 35. Rxa3 Nxe5 36. Ra5 1/2-1/2

[Event "61st World Juniors 2024"]
[Site "Gandhinagar IND"]
[Date "2024.06.12"]
[Round "10.24"]
[White "Jihan Tejas Shah"]
[Black "Aswath, S"]
[Result "1/2-1/2"]
[BlackTitle "IM"]
[WhiteElo "1956"]
[BlackElo "2352"]
[WhiteFideId "33370109"]
[BlackFideId "46694919"]
[EventDate "2024.06.02"]

1. d4 d5 2. c4 e6 3. Nc3 Nf6 4. cxd5 exd5 5. Bg5 Bb4 6. Qc2 h6 7. Bh4 g5 8. Bg3
Ne4 9. e3 h5 10. f3 Nxg3 11. hxg3 Qe7 12. e4 Be6 13. O-O-O c6 14. Bd3 Nd7 15.
Nge2 dxe4 16. Bxe4 Nf6 17. d5 Nxe4 18. Qxe4 cxd5 19. Nxd5 Bxd5 20. Qxe7+ Bxe7
21. Rxd5 Rd8 22. Rxd8+ Bxd8 23. g4 h4 24. Nc3 Rh6 25. Re1+ Kd7 26. Rd1+ Rd6 27.
Ne4 Rxd1+ 28. Kxd1 Ke6 29. Ke2 Ke5 30. Kd3 Kf4 31. Ke2 Be7 32. Kf2 b6 33. Ke2
Bc5 34. b3 f5 35. gxf5 Kxf5 36. Nd2 Kf4 37. Nf1 a6 38. a4 a5 39. Nd2 Kg3 40. Kf1
Bd4 41. Nc4 h3 42. gxh3 Kxf3 43. Nd6 Bc5 44. Nf7 Be3 45. Nd6 Bc5 46. Nf7 Be7 47.
Ne5+ Kg3 48. Ke2 Bf6 49. Ng4 Bd4 50. Nh6 Kxh3 51. Kf3 Kh2 52. Nf5 Bc5 53. Kg4
Kg2 54. Kxg5 Kf3 55. Kf6 Ke4 56. Ke6 Kd3 57. Kd5 Kc3 58. Kc6 Kb4 59. Ng3 Bg1 60.
Ne4 Be3 61. Nd6 Bc5 62. Nc4 Kxb3 63. Kb5 1/2-1/2

[Event "61st World Juniors 2024"]
[Site "Gandhinagar IND"]
[Date "2024.06.12"]
[Round "10.25"]
[White "Rohith S"]
[Black "Ayush, Sharma"]
[Result "0-1"]
[BlackTitle "IM"]
[WhiteElo "1866"]
[BlackElo "2325"]
[WhiteFideId "45075360"]
[BlackFideId "45010943"]
[EventDate "2024.06.02"]

1. e4 c5 2. Nf3 d6 3. d4 cxd4 4. Nxd4 Nf6 5. Nc3 a6 6. Be3 Ng4 7. Bc1 Nc6 8. h3
Nf6 9. Be3 g6 10. Qd2 Bg7 11. O-O-O O-O 12. g4 Bd7 13. g5 Nh5 14. Kb1 Rc8 15.
Be2 Ne5 16. b3 f5 17. exf5 Bxf5 18. Nxf5 Rxf5 19. Bd4 Nf3 20. Bxf3 Rxf3 21. Bxg7
Kxg7 22. Nd5 Qf8 23. Rhe1 e5 24. Ne3 Rc6 25. Rf1 Qf4 26. h4 Qxh4 27. Qa5 Qxg5
28. Rxd6 Rxd6 29. Qc7+ Rf7 30. Qxd6 Qe7 31. Qb6 Qc7 32. Qb4 Rf4 33. Qa3 Nf6 34.
Qb2 Qa5 35. Nc4 Rxf2 36. Rd1 Qd5 37. Kc1 Qe4 38. Nxe5 Qf4+ 39. Kb1 Rf1 40. Rxf1
Qxf1+ 41. Qc1 Qxc1+ 42. Kxc1 Ne4 43. Kd1 Kf6 44. Nc4 g5 45. Ke2 Nc3+ 46. Kd2
Nxa2 47. c3 h5 48. Kc2 g4 49. Kb2 h4 50. Ne3 g3 51. Nf1 g2 0-1

[Event "61st World Juniors 2024"]
[Site "Gandhinagar IND"]
[Date "2024.06.12"]
[Round "10.26"]
[White "Koziorowicz, Michal"]
[Black "Sriansh Das"]
[Result "1-0"]
[WhiteTitle "FM"]
[WhiteElo "2304"]
[BlackElo "2016"]
[WhiteFideId "21809194"]
[BlackFideId "45030081"]
[EventDate "2024.06.02"]

1. e4 e6 2. d3 d5 3. Qe2 Nf6 4. Nf3 Nc6 5. e5 Nd7 6. d4 f6 7. c4 Bb4+ 8. Bd2 O-O
9. exf6 Qxf6 10. Bxb4 Nxb4 11. Qd2 a5 12. a3 Nc6 13. Nc3 dxc4 14. Bxc4 Nb6 15.
Bd3 e5 16. Ne4 Qf4 17. Qxf4 exf4 18. O-O-O Bg4 19. Nc5 Ra7 20. Be4 Nd8 21. Rhe1
c6 22. h3 Bc8 23. Ng5 g6 24. Bf3 Bf5 25. Re7 h6 26. Nge6 Nxe6 27. Nxe6 Bxe6 28.
Rxe6 Kg7 29. d5 Raa8 30. dxc6 bxc6 31. Rdd6 Rad8 32. Rxg6+ 1-0

[Event "61st World Juniors 2024"]
[Site "Gandhinagar IND"]
[Date "2024.06.12"]
[Round "10.27"]
[White "Jai Sankar Subramanian"]
[Black "Fecker, Noah"]
[Result "1/2-1/2"]
[BlackTitle "FM"]
[WhiteElo "1986"]
[BlackElo "2390"]
[WhiteFideId "25931970"]
[BlackFideId "1334263"]
[EventDate "2024.06.02"]

1. e4 c5 2. Nf3 Nc6 3. d4 cxd4 4. Nxd4 e6 5. Nc3 a6 6. Nxc6 bxc6 7. Bd3 d5 8.
O-O Nf6 9. Qf3 Be7 10. e5 Nd7 11. Qg3 g6 12. Bh6 Qb6 13. Rab1 Qd4 14. Rfe1 Qh4
15. Qxh4 Bxh4 16. Na4 a5 17. c4 Ba6 18. Rbc1 Bd8 19. Bf1 d4 20. c5 Bxf1 21. Kxf1
f6 22. exf6 Kf7 23. Nb6 Bxb6 24. cxb6 c5 25. Bf4 Kxf6 26. b7 Rad8 27. Bc7 Rb8
28. Bxb8 Rxb8 29. b3 Rxb7 30. Ke2 Ke5 31. Kd3+ Kd5 32. f4 a4 33. Rb1 axb3 34.
axb3 Rxb3+ 35. Rxb3 c4+ 36. Kc2 cxb3+ 37. Kxb3 e5 38. fxe5 Nxe5 39. Kc2 Ng4 40.
Re7 Nxh2 41. Rxh7 Ng4 42. Kd3 Ne5+ 43. Ke2 Ke4 44. Rh4+ Kd5 45. Rh8 1/2-1/2

[Event "61st World Juniors 2024"]
[Site "Gandhinagar IND"]
[Date "2024.06.12"]
[Round "10.28"]
[White "Jares, Michal"]
[Black "Nandish V S"]
[Result "0-1"]
[WhiteTitle "FM"]
[WhiteElo "2382"]
[BlackElo "1981"]
[WhiteFideId "386839"]
[BlackFideId "45084297"]
[EventDate "2024.06.02"]

1. Nf3 d5 2. g3 Nd7 3. d4 Nb6 4. Bg2 Bf5 5. O-O h6 6. Nbd2 Nf6 7. c4 c6 8. cxd5
cxd5 9. Ne5 e6 10. Qb3 Rb8 11. Qb5+ Nbd7 12. Ndf3 Bc2 13. e3 a6 14. Qe2 Be4 15.
Nxd7 Nxd7 16. Nd2 Bxg2 17. Kxg2 Nf6 18. Nb3 Bd6 19. Bd2 O-O 20. Rac1 Qe7 21. Rc2
Ne4 22. Rfc1 Qf6 23. f3 Nxd2 24. Qxd2 e5 25. dxe5 Bxe5 26. f4 Bd6 27. Qxd5 Rfd8
28. Qf3 Qe6 29. e4 Be7 30. Qe3 h5 31. h3 Bf6 32. e5 Be7 33. Qe4 g6 34. Qf3 Rd5
35. Rf2 Qd7 36. Rc7 Qxc7 37. Qxd5 Rd8 38. Qe4 h4 39. g4 a5 40. e6 Bf8 41. Rc2
Qe7 42. exf7+ Qxf7 43. Nxa5 Re8 44. Qc4 Re6 45. Rf2 b6 46. f5 Re3 47. Qxf7+ Kxf7
48. Nc4 Rg3+ 49. Kh2 Bc5 50. Ne5+ Kg8 51. Rg2 Re3 52. Nxg6 Bd6+ 53. Kg1 Rxh3 54.
g5 Bc5+ 55. Kf1 Rh1+ 56. Ke2 h3 57. Rg4 h2 58. Rh4 Rb1 59. Rh8+ Kg7 60. Rd8 Re1+
61. Kxe1 h1=Q+ 62. Kd2 Qg2+ 63. Kc3 Qf3+ 64. Rd3 Qxf5 65. Nh4 Bb4+ 66. Kc4 b5+
67. Kd4 Qf4+ 68. Kd5 Qxh4 69. Rb3 Qc4+ 70. Ke5 Bc5 71. Kf5 Qf7+ 72. Ke4 Qc4+ 73.
Kf5 Qd5+ 74. Kf4 Kg6 75. Kg3 Kxg5 76. Kh2 Qd2+ 77. Kg3 Qf2+ 78. Kh3 Qf1+ 79. Kh2
Bd6+ 80. Rg3+ Kh4 0-1

[Event "61st World Juniors 2024"]
[Site "Gandhinagar IND"]
[Date "2024.06.12"]
[Round "10.29"]
[White "Adireddy, Arjun"]
[Black "Gubatayev, Ahmet"]
[Result "1-0"]
[WhiteTitle "FM"]
[WhiteElo "2306"]
[BlackElo "2055"]
[WhiteFideId "25647709"]
[BlackFideId "14004526"]
[EventDate "2024.06.02"]

1. e4 c5 2. Nf3 d6 3. d4 cxd4 4. Nxd4 Nf6 5. Nc3 a6 6. h3 e5 7. Nb3 Be6 8. f4
Nbd7 9. f5 Bxb3 10. axb3 b5 11. Qf3 Be7 12. Bd3 b4 13. Na4 Qc7 14. O-O Qc6 15.
Bc4 Nxe4 16. Rd1 Ndf6 17. Bd5 Nxd5 18. Qxe4 Rc8 19. Qxd5 Qxd5 20. Rxd5 Rxc2 21.
Nb6 g6 22. f6 Bxf6 23. Nc4 Be7 24. Nxd6+ Bxd6 25. Rxd6 O-O 26. Bh6 Rfc8 27. Rad1
f5 28. Rxa6 f4 29. Rf6 R2c7 30. Re1 Rc5 31. Re4 R5c6 32. Rxc6 Rxc6 33. Rxe5 Rc1+
34. Kh2 Rc2 35. Re8+ Kf7 36. Rf8+ 1-0

[Event "61st World Juniors 2024"]
[Site "Gandhinagar IND"]
[Date "2024.06.12"]
[Round "10.31"]
[White "Ang, Ern Jie Anderson"]
[Black "Sri Charan Sandipagu"]
[Result "0-1"]
[WhiteTitle "CM"]
[WhiteElo "2198"]
[BlackElo "1924"]
[WhiteFideId "5736200"]
[BlackFideId "25174657"]
[EventDate "2024.06.02"]

1. d4 d5 2. c4 e6 3. Nf3 Nf6 4. g3 dxc4 5. Bg2 a6 6. O-O Nc6 7. Nbd2 b5 8. Ne5
Nxe5 9. Bxa8 Qxd4 10. Nf3 Qa7 11. Bf4 Ned7 12. Bc6 Qc5 13. Ne5 Bd6 14. Nxd7 Qxc6
15. Nxf6+ gxf6 16. Be3 h5 17. Qd4 Be5 18. Qh4 Bxb2 19. Rad1 e5 20. f3 Ba3 21.
Kg2 Be7 22. Bd2 Be6 23. Kh1 c3 24. Rc1 b4 25. a3 a5 26. axb4 axb4 27. Be1 Qc4
28. Qxc4 Bxc4 29. Bxc3 bxc3 30. Rxc3 Bxe2 31. Rf2 Bb5 32. Rxc7 Bd8 33. Rc5 Bd7
34. Rb2 O-O 35. Rb8 Be7 36. Rxf8+ Kxf8 37. Ra5 Bd6 38. Ra8+ Be8 39. g4 hxg4 40.
fxg4 Ke7 41. Kg1 Bc6 42. Ra5 Bb4 43. Ra7+ Ke6 44. Kf1 e4 45. Rc7 Bb5+ 46. Kg2 e3
47. Rb7 Bc6+ 48. Kf1 Bxb7 49. Ke2 Bc5 0-1

[Event "61st World Juniors 2024"]
[Site "Gandhinagar IND"]
[Date "2024.06.12"]
[Round "10.32"]
[White "Alekhya, Mukhopadhyay"]
[Black "Mrithyunjay Mahadevan"]
[Result "1/2-1/2"]
[BlackTitle "CM"]
[WhiteElo "2130"]
[BlackElo "1867"]
[WhiteFideId "25600826"]
[BlackFideId "45003521"]
[EventDate "2024.06.02"]

1. d4 d5 2. Bg5 f6 3. Bh4 Nh6 4. f3 Nf5 5. Bf2 e5 6. dxe5 fxe5 7. e4 dxe4 8.
Qxd8+ Kxd8 9. fxe4 Nd4 10. Bd3 Bg4 11. Nd2 Nbc6 12. c3 Ne6 13. Be2 Bxe2 14. Nxe2
Bc5 15. Nc4 Bxf2+ 16. Kxf2 Rf8+ 17. Ke3 b5 18. Na3 a6 19. Nc2 Ke7 20. Rad1 g6
21. Ne1 Nc5 22. Nf3 Rad8 23. Rd5 Nd7 24. Rdd1 Nb6 25. b3 Rd6 26. Nc1 Rfd8 27.
Nd3 Nd7 28. Rd2 h6 29. Rhd1 Kf6 30. Nf2 Ke6 31. Ng4 h5 32. Nf2 Nc5 33. Rd5 Nd7
34. Nd3 Nf6 35. c4 bxc4 36. bxc4 Ke7 37. Rc1 Rc8 38. Ndxe5 Nxd5+ 39. cxd5 Nxe5
40. Nxe5 c5 41. Rb1 c4 42. Kd4 c3 43. Rc1 Rb6 44. Nc6+ Rcxc6 45. dxc6 Rxc6 46.
Rxc3 Rd6+ 47. Ke5 Rd2 48. Rg3 Kf7 49. h3 Rxa2 50. Rb3 Rxg2 51. Rb7+ Kf8 52. Kf6
Rf2+ 53. Kxg6 Rf3 54. Kxh5 Re3 55. Rb4 Rxh3+ 56. Kg4 Rh6 1/2-1/2

[Event "61st World Juniors 2024"]
[Site "Gandhinagar IND"]
[Date "2024.06.12"]
[Round "10.33"]
[White "Talgatov, Nazar"]
[Black "Yohan Yadav Tarala"]
[Result "1-0"]
[WhiteElo "2108"]
[BlackElo "1810"]
[WhiteFideId "13743694"]
[BlackFideId "33385300"]
[EventDate "2024.06.02"]

1. e4 c5 2. Nf3 e6 3. g3 Nc6 4. d4 cxd4 5. Nxd4 Nf6 6. Bg2 Qc7 7. O-O Nxd4 8.
Qxd4 Bc5 9. Qd3 O-O 10. c4 Ng4 11. Qe2 Ne5 12. b3 d5 13. Na3 dxc4 14. Nxc4 Nxc4
15. Qxc4 b5 16. Qxb5 a5 17. Bf4 Qa7 18. Rac1 Bb6 19. Rc6 Bd8 20. Qc5 Qd7 21. Rd6
Qe7 22. Rc1 Ba6 23. Qd4 Ra7 24. e5 Bb5 25. a4 Be8 26. Rxd8 1-0

[Event "61st World Juniors 2024"]
[Site "Gandhinagar IND"]
[Date "2024.06.12"]
[Round "10.34"]
[White "Dishank Sachin Bajaj"]
[Black "Bharadia Yash"]
[Result "0-1"]
[BlackTitle "CM"]
[WhiteElo "1893"]
[BlackElo "2100"]
[WhiteFideId "25953036"]
[BlackFideId "45087822"]
[EventDate "2024.06.02"]

1. e4 c5 2. Nf3 e6 3. b3 a6 4. Bb2 Nc6 5. Qe2 Nf6 6. e5 Nd5 7. Nc3 Ndb4 8. Kd1
Nd4 9. Nxd4 cxd4 10. Ne4 Qc7 11. c3 dxc3 12. dxc3 Nc6 13. f4 d6 14. Nxd6+ Bxd6
15. exd6 Qxd6+ 16. Qd2 Qc5 17. b4 Qb6 18. Bd3 e5 19. Kc2 O-O 20. Rae1 Rd8 21.
Qe2 Be6 22. Kb1 exf4 23. Rhf1 a5 24. b5 Ne7 25. Rxf4 Qd6 26. Rd4 Qxh2 27. Qe4
Nd5 28. c4 Nf6 29. Qxb7 Re8 30. Rc1 a4 31. a3 Rab8 32. Qf3 Nd7 33. Qf2 Ne5 34.
Rh4 Nxd3 35. Qd4 Qg3 36. Bc3 Nxc1 37. Kxc1 Rbd8 38. Qe5 Qxe5 39. Bxe5 Rc8 40. b6
Rxc4+ 41. Rxc4 Bxc4 42. b7 Bd5 43. b8=Q Rxb8 44. Bxb8 Bxg2 45. Kd2 f6 46. Kd3
Kf7 47. Bc7 g5 48. Kc4 Bc6 49. Kc5 Be8 50. Kd5 h5 51. Bd8 h4 52. Ke4 Kg6 53. Kf3
Bc6+ 54. Kf2 g4 55. Bc7 g3+ 56. Kg1 Kf5 57. Bb8 Kg4 58. Bc7 h3 59. Bxg3 Kxg3 60.
Kf1 h2 61. Ke1 h1=Q+ 62. Kd2 Qf3 63. Ke1 Qf2+ 64. Kd1 Be4 65. Kc1 Qc2# 0-1

[Event "61st World Juniors 2024"]
[Site "Gandhinagar IND"]
[Date "2024.06.12"]
[Round "10.35"]
[White "Halynyazov, Vepaly"]
[Black "Guru Prakash"]
[Result "1-0"]
[WhiteElo "2058"]
[BlackElo "1817"]
[WhiteFideId "14004020"]
[BlackFideId "25138316"]
[EventDate "2024.06.02"]

1. d4 Nf6 2. c4 g6 3. Nc3 Bg7 4. e4 d6 5. h3 O-O 6. Bg5 c5 7. d5 e6 8. Nf3 exd5
9. cxd5 Re8 10. Bd3 c4 11. Bc2 b5 12. O-O a6 13. Re1 Nbd7 14. a3 Qc7 15. Qd2 Nc5
16. Rad1 Nfd7 17. Be3 Rb8 18. Bd4 Bxd4 19. Qxd4 b4 20. Ne2 bxa3 21. bxa3 Qa5 22.
a4 Nd3 23. Bxd3 cxd3 24. Qxd3 Nc5 25. Qe3 Bf5 26. Ned4 Rxe4 27. Qh6 Nd7 28. Nc6
Rxe1+ 29. Rxe1 Qb6 30. Ng5 1-0

[Event "61st World Juniors 2024"]
[Site "Gandhinagar IND"]
[Date "2024.06.12"]
[Round "10.36"]
[White "Bhoir Paras Dilip"]
[Black "Apoorv Kamble"]
[Result "1-0"]
[BlackTitle "FM"]
[WhiteElo "2016"]
[BlackElo "2369"]
[WhiteFideId "25763695"]
[BlackFideId "25683012"]
[EventDate "2024.06.02"]

1. e4 c6 2. d4 d5 3. e5 c5 4. dxc5 e6 5. a3 Bxc5 6. b4 Bb6 7. Nf3 Ne7 8. Bd3 Ng6
9. O-O Nc6 10. Bb2 O-O 11. Re1 f6 12. exf6 gxf6 13. c4 Nge5 14. Nxe5 fxe5 15.
Qg4+ Kh8 16. Rxe5 Bxf2+ 17. Kh1 d4 18. Rh5 Rf7 19. Nd2 e5 20. Qe4 Qg8 21. h3 Be3
22. Rf1 h6 23. Nf3 Qg7 24. Nxe5 Rxf1+ 25. Bxf1 Ne7 26. Bxd4 Bxd4 27. Qxd4 Be6
28. Rxh6+ Kg8 29. Rxe6 Nf5 30. Qg4 Ng3+ 31. Kg1 Qxg4 32. hxg4 Rf8 33. Bd3 Rf4
34. Kh2 Nf1+ 35. Bxf1 Rxf1 36. Re7 Re1 37. Nc6 Rc1 38. Rxb7 Rxc4 39. b5 a6 40.
bxa6 Rxc6 41. a7 Rh6+ 42. Kg1 Ra6 1-0

[Event "61st World Juniors 2024"]
[Site "Gandhinagar IND"]
[Date "2024.06.12"]
[Round "10.37"]
[White "Jain, Kushagra"]
[Black "Bizhigitov, Zhangir"]
[Result "0-1"]
[BlackTitle "FM"]
[WhiteElo "1996"]
[BlackElo "2212"]
[WhiteFideId "66607663"]
[BlackFideId "13725599"]
[EventDate "2024.06.02"]

1. e4 e5 2. Nf3 Nc6 3. Bb5 Nge7 4. c3 g6 5. d4 exd4 6. cxd4 d5 7. exd5 Nxd5 8.
O-O Bg7 9. Re1+ Be6 10. Ne5 O-O 11. Nxc6 bxc6 12. Bxc6 Rb8 13. Nc3 Nb4 14. Be4
Bxd4 15. Qf3 f5 16. Bb1 Re8 17. a3 Nd5 18. Ba2 Bf7 19. Bg5 Qxg5 20. Rxe8+ Rxe8
21. Bxd5 Qd2 22. Bxf7+ Kxf7 23. Rf1 Kf8 24. Nb5 Bb6 25. Qc3 Re2 26. Qh8+ Kf7 27.
Qxh7+ Kf6 28. Qh8+ Kg5 29. h4+ Kg4 30. Qg8 Rxf2 31. Qxg6+ Kxh4 32. Qh7+ Kg5 33.
Qg7+ Kf4 34. Qh6+ Ke5 35. Qh8+ Kd5 36. Nc3+ Kc6 37. Qa8+ Kd7 38. Qd5+ Kc8 39.
Qa8+ Kd7 40. Qd5+ Ke7 41. Qxd2 Rxd2+ 42. Kh2 Rxb2 43. Rxf5 Rb3 44. Rf3 Ke6 45.
a4 Ba5 46. Ne4 Rxf3 47. gxf3 Kd5 48. Kg3 Bb6 49. Kg2 Kd4 50. Kf2 Kd3+ 51. Ke1
Be3 52. Kd1 c5 53. Nf6 c4 54. Nd5 Bd2 55. f4 a5 56. f5 c3 0-1

[Event "61st World Juniors 2024"]
[Site "Gandhinagar IND"]
[Date "2024.06.12"]
[Round "10.38"]
[White "Vrashank, Chouhan"]
[Black "Kartik Kumar Singh"]
[Result "1-0"]
[WhiteTitle "FM"]
[WhiteElo "2209"]
[BlackElo "2042"]
[WhiteFideId "25944240"]
[BlackFideId "46676465"]
[EventDate "2024.06.02"]

1. d4 Nf6 2. c4 g6 3. f3 d5 4. cxd5 Nxd5 5. e4 Nb6 6. Nc3 Bg7 7. Be3 O-O 8. Qd2
e5 9. d5 c6 10. O-O-O cxd5 11. exd5 Bd7 12. h4 Na4 13. Nge2 Na6 14. h5 Rc8 15.
Kb1 Bf5+ 16. Ne4 Nb6 17. Ng3 Nc4 18. Bxc4 Rxc4 19. b3 Rc8 20. d6 Qd7 21. Bh6 f6
22. hxg6 Bxg6 23. Nh5 Bxh6 24. Qxh6 Rf7 25. Qxg6+ hxg6 26. Nhxf6+ Kg7 27. Rh7+
Kf8 28. Nxd7+ Kg8 29. Nef6+ 1-0

[Event "61st World Juniors 2024"]
[Site "Gandhinagar IND"]
[Date "2024.06.12"]
[Round "10.39"]
[White "Smirnov, Mark"]
[Black "Kuandykuly, Danis"]
[Result "0-1"]
[WhiteTitle "CM"]
[WhiteElo "2203"]
[BlackElo "1989"]
[WhiteFideId "13764594"]
[BlackFideId "13752260"]
[EventDate "2024.06.02"]

1. e4 e5 2. Nf3 Nc6 3. Nc3 Nf6 4. Bb5 Bb4 5. O-O O-O 6. d3 d6 7. Bg5 Be6 8. d4
Nxd4 9. Nxd4 exd4 10. Qxd4 Bc5 11. Qd3 h6 12. Be3 a6 13. Bc4 Bxc4 14. Qxc4 Bxe3
15. fxe3 Qe7 16. Rf4 Rae8 17. Raf1 c6 18. a4 d5 19. exd5 Qxe3+ 20. R4f2 Ne4 21.
Nxe4 Rxe4 22. Qa2 Rf4 23. dxc6 Rd8 24. Qb1 Rxf2 25. Rxf2 Rd2 26. Qf1 bxc6 27. g3
Rxc2 28. Kg2 Rxf2+ 29. Qxf2 Qxf2+ 30. Kxf2 f5 31. Ke3 Kf7 32. Kd4 Ke6 33. h4 g5
34. hxg5 hxg5 35. a5 Kf6 36. Kc5 f4 37. gxf4 gxf4 38. Kb6 f3 39. Kxa6 f2 0-1